Next generation leader : (Record no. 3438)
[ view plain ]
| 000 -LEADER | |
|---|---|
| fixed length control field | 02651cam a2200325Ia 4500 |
| 001 - CONTROL NUMBER | |
| control field | 64576885 |
| 003 - CONTROL NUMBER IDENTIFIER | |
| control field | OCoLC |
| 005 - DATE AND TIME OF LATEST TRANSACTION | |
| control field | 20181113115958.0 |
| 008 - FIXED-LENGTH DATA ELEMENTS--GENERAL INFORMATION | |
| fixed length control field | 060308t20032003oru b 000 0 eng d |
| 010 ## - LIBRARY OF CONGRESS CONTROL NUMBER | |
| LC control number | 2002014699 |
| 020 ## - INTERNATIONAL STANDARD BOOK NUMBER | |
| International Standard Book Number | 1590525396 |
| Qualifying information | (hc.) |
| 020 ## - INTERNATIONAL STANDARD BOOK NUMBER | |
| International Standard Book Number | 8173625336 |
| 020 ## - INTERNATIONAL STANDARD BOOK NUMBER | |
| International Standard Book Number | 9781590525395 |
| Qualifying information | (hc.) |
| 040 ## - CATALOGING SOURCE | |
| Original cataloging agency | SDE |
| Language of cataloging | eng |
| Transcribing agency | SDE |
| Modifying agency | BAKER |
| -- | BTCTA |
| -- | YDXCP |
| -- | MOF |
| -- | AU@ |
| -- | CO3 |
| -- | OCLCF |
| -- | OCLCQ |
| -- | IOT |
| -- | SGB |
| -- | AL5OZ |
| -- | OCLCQ |
| -- | KSU |
| -- | UtOrBLW |
| 050 14 - LIBRARY OF CONGRESS CALL NUMBER | |
| Classification number | BV652.1 |
| Item number | .S69 2003 |
| 082 04 - DEWEY DECIMAL CLASSIFICATION NUMBER | |
| Classification number | 253 |
| Edition number | 22 |
| Item number | S787N |
| 100 1# - MAIN ENTRY--PERSONAL NAME | |
| Personal name | Stanley, Andy. |
| Authority record control number or standard number | http://id.loc.gov/authorities/names/n96031244 |
| 245 10 - TITLE STATEMENT | |
| Title | Next generation leader : |
| Remainder of title | five essentials for those who will shape the future / |
| Statement of responsibility, etc. | Andy Stanley |
| 264 #1 - PRODUCTION, PUBLICATION, DISTRIBUTION, MANUFACTURE, AND COPYRIGHT NOTICE | |
| Place of production, publication, distribution, manufacture | Sisters, Ore : |
| Name of producer, publisher, distributor, manufacturer | Multnomah, |
| Date of production, publication, distribution, manufacture, or copyright notice | [2003] |
| 264 #4 - PRODUCTION, PUBLICATION, DISTRIBUTION, MANUFACTURE, AND COPYRIGHT NOTICE | |
| Date of production, publication, distribution, manufacture, or copyright notice | ©2003 |
| 300 ## - PHYSICAL DESCRIPTION | |
| Extent | 165 pages ; |
| Dimensions | 22 cm |
| 336 ## - CONTENT TYPE | |
| Content type term | text |
| Content type code | txt |
| Source | rdacontent |
| 337 ## - MEDIA TYPE | |
| Media type term | unmediated |
| Media type code | n |
| Source | rdamedia |
| 338 ## - CARRIER TYPE | |
| Carrier type term | volume |
| Carrier type code | nc |
| Source | rdacarrier |
| 504 ## - BIBLIOGRAPHY, ETC. NOTE | |
| Bibliography, etc. note | Includes bibliographical references (pages 163-165) |
| 505 0# - FORMATTED CONTENTS NOTE | |
| Formatted contents note | Competence: do less to accomplish more ; You are doing too much! ; Doing the right things ; Finding your groove -- Courage: courage establishes leadership ; First in ; Just a stone's throw away ; Three expressions of courage -- Clarity: be clear even when you are uncertain ; Leading in the shadow of uncertainty ; I'll tell you when we get there ; Managing your uncertainty -- Coaching: coaching enables a leader to go farther, faster ; Listening, learning ; The king who wouldn't listen ; What coaches do -- Character: character determines the leader's legacy ; A nonessential ; The king who followed ; The leader worth following |
| 520 ## - SUMMARY, ETC. | |
| Summary, etc. | Ready or not, you're next! It's time to shape the future, and those who will do so are in training today. Learn what it takes to lead with courage, then follow with character. Embrace the basics, and you'll master the challenges of generations to come. Five characteristics mark the man or woman who will shape the future: courage, clarity, competence, coachability, and character. Drawing on two decades of experience mentoring a rising generation, seasoned visionary Andy Stanley shows how to: discover and play to your strengths, leverage uncertainty, maintain moral authority, harness your fears, enlist a leadership coach. "Capable men and women will eventually catch, pass, and replace the current generation of leaders," says Stanley. "Embracing these essentials, you will not only excel in your personal leadership, but also ensure a no-regrets experience for those who choose to follow you."--Jacket |
| 650 #0 - SUBJECT ADDED ENTRY--TOPICAL TERM | |
| Topical term or geographic name entry element | Christian leadership. |
| Authority record control number or standard number | http://id.loc.gov/authorities/subjects/sh85025093 |
| 942 ## - ADDED ENTRY ELEMENTS (KOHA) | |
| Source of classification or shelving scheme | Dewey Decimal Classification |
| Koha item type | Books |
| Withdrawn status | Lost status | Source of classification or shelving scheme | Damaged status | Not for loan | Collection code | Home library | Current library | Shelving location | Date acquired | Cost, normal purchase price | Total Checkouts | Full call number | Barcode | Date last seen | Price effective from | Koha item type |
|---|---|---|---|---|---|---|---|---|---|---|---|---|---|---|---|---|
| Dewey Decimal Classification | Non-fiction | Harvest Mission College | Harvest Mission College | General Stacks | 13.11.2018 | 230.00 | 253 S787N | 003977 | 13.11.2018 | 13.11.2018 | Books | |||||
| Dewey Decimal Classification | Non-fiction | Harvest Mission College | Harvest Mission College | General Stacks | 13.01.2021 | 253 S787N | 010444 | 13.01.2021 | 13.01.2021 | Books |
